01788nam0a22003131 4500001001100000005001700011021001900028035002600047100004100073101000800114102000700122105001800129200034600147210003900493215002300532300010700555320005300662516007600715606012800791606012800919606004501047702003801092702006701130712009701197712012101294801001801415801002201433852001901455rc\483400520260407103526.0 aRUb[68-27751] a(NLR Aleph) 008890229 a20130426d1968 |||y0rusy50 ca0 arus aRU aa z |||||1 aТепло- и массообмен в неньютоновских жидкостяхe[Материалы симпозиума. 29-31 марта 1966 г. Минск]fПод общ. ред. акад. А.В. Лыкова и чл.-кор. АН БССР Б.М. СмольскогоgИн-т тепло- и массообмена АН БССР aМоскваcЭнергияd1968 a287 с.cил.d22 aНа корешке загл.: Теплообмен в неньютоновских жидкостях aБиблиогр. в конце докладов0 aТеплообмен в неньютоновских жидкостях aДисперсионные системы, вязкопластическиеxТеплообменjСборники2psbo aДисперсионные системы, вязкопластическиеxМассообменjСборники2psbo aРеологияjСборники2psbo 1aСмольскийbБ.М.4340 1aЛыковbА.В.gАлексей Васильевич434002aВсесоюзный реологический симпозиум (1; 1966; Минск)02aИнститут тепло- и массообмена им. А. В. ЛыковаcМинск3RU\NLR\AUTH\889932471 0aRUbNLRgpsbo 1aRUbELAR2rusmarc aNLRj68-5/2050